| 000 | 02166nam a2200457 c 4500 | ||
|---|---|---|---|
| 003 | BLK | ||
| 005 | 20240618094532.0 | ||
| 008 | 180409b bul|||||r ||||||| ||bul|| | ||
| 010 | _aKNG00125108000 | ||
| 020 |
_a978-954-761-486-4 _bиздат.: ИнфоДар |
||
| 040 | _aBLK | ||
| 041 |
_aBUL _cBUL |
||
| 072 | 7 |
_2bullib _aН33 _xИкономика Н |
|
| 080 |
_aСтопански кризи. Депресии _b338.124.4 _x(73) _z338.124.4(73) |
||
| 080 |
_aВъншна търговия. Международна търговия. Външно-търговска политика. Мита. Вж и 336. 4 _b339.5 _x:339.13 _z339.5:339.13 |
||
| 080 |
_aМеждународни икономически отношения. Външностопанска политика. Световно стопанство _b339.9 _x _z339.9 |
||
| 100 | 1 |
_aСтиглиц, Джоузеф Е. _eпърви автор _9124671 |
|
| 700 |
_aПаунова, Драгомира Христова _d1977 _gЮрист. Преводач от английски език. _9286687 |
||
| 139 |
_aСтиглиц, Джоузеф Е. _bС 76 |
||
| 245 | 1 | 0 |
_aСвободно падане _bАмерика, свободните пазари, кризата и виновните за нея _cДжоузеф Е. Стиглиц; прев. от англ. Драгомира Паунова. |
| 257 | _aUSA | ||
| 260 |
_аСофия _bИнфоДар _c2011 _fСофия : Симолини |
||
| 300 |
_a518 с. _c22 см |
||
| 380 | _a3 | ||
| 500 | _aОриг. загл. Freefall / Joseph E. Stiglitz. | ||
| 650 | 4 |
_aСАЩ - стопански кризи _9316208 |
|
| 650 | 4 |
_aПазари _9165495 |
|
| 650 | 4 |
_aСветовно стопанство _9251664 |
|
| 651 | 4 |
_aСАЩ _9179493 |
|
| 653 | _aстопански кризи | ||
| 653 | _aнов световен ред | ||
| 653 | _aсветовно стопанство | ||
| 653 | _aСАЩ | ||
| 659 | _aН | ||
| 852 | _aЦб 259332 | ||
| 856 | 4 |
_qpdf _u |
|
| 856 | 4 |
_qpdf _u |
|
| 942 |
_cKNG _n0 _03 |
||
| 944 |
_aCR _c19.08.2011 _k30560 _lГеновева Генчева |
||
| 944 |
_aED _c30.09.2013 _k |
||
| 999 |
_c119493 _d119493 |
||